| 000 | 00799nas a2200241 4500 | ||
|---|---|---|---|
| 001 | BR9501341 | ||
| 003 | BR-BrBNA | ||
| 005 | 20231205094255.0 | ||
| 007 | ta | ||
| 008 | 230509b bl.|||p| |||| 00| 00por d | ||
| 040 |
_aBR-BrBNA _bpor _cBiblioteca Nacional de Agricultura |
||
| 041 | _a(Pt) | ||
| 072 | _aH20 | ||
| 100 | 1 | _aTorres Filho, J. | |
| 100 | 1 | _aPonte, J.J. da | |
| 245 | 1 | _aEstudo sobre o controle da bacteriose ou morte precoce (Xanthomonas campestris pv. Passiflorae)do maracuja amarelo (Passiflora edulis f. Flavicarpa) | |
| 650 | _aMaracuja | ||
| 650 | _aBacteriose | ||
| 650 | _aControle Quimico | ||
| 773 | 0 |
_tFitopatologia Brasileira (Brazil) _xISSN 0100-4158 _g(Mar 1994), v. 19(1) p. 34-38 _wBR9501341 |
|
| 909 |
_a202311 _bLúcia _c55 _dLúcia Elande |
||
| 942 |
_2AGRIS _n0 _cANA |
||
| 999 |
_c143255 _d143255 |
||